Ant-Man Characters By Picture Quiz Stats

Quiz not verified by Sporcle

Challenge
Share
Tweet
Score 0/20 Timer 10:00
0 Plays Today
% Correct
Ant-Man (Henry Pym)
99.9%
Wasp (Janet Van Dyne)
96.6%
Hawkeye/Goliath (Clint Barton)
90.7%
The Vision
89.3%
Ultron
83.6%
Ant-Man III (Eric O'Grady)
81%
Yellowjacket (Rita DeMara)
71.8%
Ant-Man II (Scott Lang)
68.7%
Egghead
65.2%
Goliath/Giant-Man (Dr. Bill Foster)
64.5%
% Correct
A.I.M. (Advanced Idea Mechanics)
63.5%
Black Knight
62.7%
Radioactive Man
53.2%
Whirlwind
52.9%
Stature (Cassandra Lang)
47.1%
Atlas (Erik Stephen Josten)
45.7%
The Ants
41.7%
Porcupine
30.1%
Equinox
10.5%
Voice
10%

You're not logged in!

Compare scores with friends on all Sporcle quizzes.
Sign Up with Email
OR
Log In

You Might Also Like...

Show Comments

Extras

Top Quizzes Today


Score Distribution

Your Account Isn't Verified!

In order to create a playlist on Sporcle, you need to verify the email address you used during registration. Go to your Sporcle Settings to finish the process.